| 000 | 00675nam a2200181 a 4500 | ||
|---|---|---|---|
| 001 | 000049053 | ||
| 005 | 20201002061621.0 | ||
| 008 | 101011s1997 dr 001 0 spa d | ||
| 040 |
_aDO-SdBNP _bspa _cBNPHU |
||
| 082 |
_axx _dS321r |
||
| 100 | 1 |
_aScheker Mendoza, Elka _c1970- _976450 |
|
| 245 | 1 | 4 |
_aLas relaciones dominico-haitianas : _ben el marco del convenio de Lome IV / _cElka Scheker Mendoza ; presentación Raymundo Amaro Guzmán. |
| 260 |
_aSanto Domingo : _bPublicaciones ONAP, _c1997. |
||
| 300 |
_a57 p. ; _c21 cm. |
||
| 500 | _aIncluye datos biográficos de la autora en las solapas. | ||
| 590 | _aInventariado, 2019/VM | ||
| 700 | 1 |
_aGuzmán, Raymuno Amaro _976451 |
|
| 999 |
_c48541 _d48541 |
||